000 00413 a2200157 4500
001 168519
020 _a
040 _cMagnum
100 _aOlson, David R.
240 1 0 _aO mundo no papel: as implicacoes conceituais e cognitivas da leitura..
_lpor
245 1 0 _aO mundo no papel: as implicacoes conceituais e cognitivas da leitura..
362 0 _a1899
440 1 _aÁtica
697 _aGERAL
942 _cBK
999 _c168519
_d168519